00740nam a22001457a 4500008004100000020001500041050000800056245010000064260005700164300003600221500005400257505024100311700001800552700002400570190828b xxu||||| |||| 00| 0 eng d a0131523678 aREF aCurrent directions in introductory psychology. /cedited by Saul Kassin and Kathleen H. Briggs. aUpper Saddle River :bPearson Education Inc.,c2005. aviii, 222 p. : bill. ;c23 cm. aIncludes notes, references and critical thinking. aContents: Psychology as science -- Neuroscience, brain, and mind -- Cognitive psychology -- Human motivation and emotion -- Nature, nurture, and human development -- Social and cultural psychology -- Personality, disorder, and health.  aKassin, Saul. aBriggs, Kathleen H.